ছোটদের বঙ্গবন্ধু ও স্বাধীনতা / (Record no. 13388)
[ view plain ]
| 000 -LEADER | |
|---|---|
| fixed length control field | 00740nam a2200229 a 4500 |
| 001 - CONTROL NUMBER | |
| JCCL Control Number | 13388 |
| 003 - CONTROL NUMBER IDENTIFIER | |
| JCCL marc code | BD-JhCC |
| 005 - DATE AND TIME OF LATEST TRANSACTION | |
| control field | 20230917093704.0 |
| 008 - FIXED-LENGTH DATA ELEMENTS--GENERAL INFORMATION | |
| fixed length control field | 230916b2020 bg |||| ||a| 000 0 ben d |
| 020 ## - INTERNATIONAL STANDARD BOOK NUMBER | |
| International Standard Book Number | 9789849234876 |
| 035 ## - SYSTEM CONTROL NUMBER | |
| system control number | (BD-JhCC)13388 |
| 040 ## - CATALOGING SOURCE | |
| Original cataloging agency | BD-JhCC |
| Modifying agency | BD-JhCC |
| 041 ## - LANGUAGE CODE | |
| Language code of Book | bengali |
| 082 ## - DEWEY DECIMAL CLASSIFICATION NUMBER | |
| Classification number | 923 |
| Author mark and Year | NAZ 2020 |
| 100 ## - MAIN ENTRY--PERSONAL NAME | |
| Personal name | নাজু, ডা. নাজমা বেগম |
| 245 ## - TITLE STATEMENT | |
| Title | ছোটদের বঙ্গবন্ধু ও স্বাধীনতা / |
| Statement of responsibility, etc | ডা. নাজমা বেগম নাজু । |
| 260 ## - PUBLICATION, DISTRIBUTION, ETC. (IMPRINT) | |
| Place of publication, distribution, etc | ঢাকা: |
| Name of publisher, distributor, etc | আলেয়া বুক ডিপো; |
| Date of publication, distribution, etc | 2020. |
| 300 ## - PHYSICAL DESCRIPTION | |
| Pagination | 127 p. : |
| Dimensions | 22 cm. |
| 600 ## - SUBJECT ADDED ENTRY--PERSONAL NAME | |
| Personal name | Rahaman, Shek Mujibur |
| 942 ## - ADDED ENTRY ELEMENTS (KOHA) | |
| Source of classification or shelving scheme | Dewey Decimal Classification |
| Koha item type | Books |
| Source of classification or shelving scheme | Damaged status | Not for loan | Home library | Current library | Shelving location | Date of accession | Source of acquisition | Cost, normal purchase price | Full call number | Barcode | Date last seen | Copy number | Method of acquisition | Koha item type | Currency |
|---|---|---|---|---|---|---|---|---|---|---|---|---|---|---|---|
| Dewey Decimal Classification | JCC Rouf Library | JCC Rouf Library | General Stacks | 09/16/2023 | 2023-09-16 | 165.00 | 923 NAZ 2020 | 18294 | 09/16/2023 | C-1 | Purchase | Books | BDT |